Statistics for XXXTentacion Discography

Click here to take the quiz!

General Stats

  • This quiz has been taken 280 times
    (12 since last reset)
  • The average score is 9 of 18

Answer Stats

Type Year Name % Correct
Album201717
100%
Album2019Bad Vibes Forever
88%
Album2018Skins
75%
Album2018?
75%
EP2017A GHETTO CHRISTMAS CAROL
75%
Collaborative Mixtape2019Members Only, Vol. 4
63%
Collaborative Mixtape2015Members Only, Vol. 1
63%
Collaborative Mixtape2015Members Only, Vol. 2
63%
Collaborative Mixtape2017Members Only, Vol. 3
63%
EP2014The Fall
50%
Mixtape2017Revenge
50%
EP2014Ice Hotel
38%
Mixtape2014XXX (Unmastered)
25%
EP2016ItWasntEnough
25%
EP2015Heartbreak Hotel
25%
EP2014♡ ʳ ᵃ ʳ ᵉ ♡
25%
EP2016Willy Wonka Was a Child Murderer
25%
Collaborative Mixtape2015The Nobodys
13%

Score Distribution

Percentile by Number Answered

Percent of People with Each Score

Your Score History

You have not taken this quiz since the last reset